Tables de multiplication aléatoires (Impossible) - Statistiques

Statistiques générales
  • Ce quiz a été pris 333 fois
  • Le résultat moyen est 15 sur 20
Statistiques - réponses
Hint Réponse % Correct
20 x 8 160
100%
18 x 9 162
100%
13 x 13 169
100%
16 x 5 80
100%
11 x 9 99
100%
11 x 17 187
94%
20 x 14 280
94%
11 x 5 55
94%
12 x 8 96
94%
20 x 20 400
93%
11 x 4 44
93%
13 x 9 117
92%
15 x 8 120
92%
20 x 7 140
92%
16 x 6 96
91%
19 x 3 57
90%
20 x 4 80
90%
16 x 12 192
89%
12 x 3 36
88%
18 x 20 360
88%
20 x 12 240
87%
19 x 15 285
87%
11 x 3 33
87%
19 x 20 380
87%
12 x 4 48
87%
11 x 6 66
87%
16 x 8 128
86%
13 x 11 143
86%
14 x 11 154
86%
11 x 8 88
86%
15 x 11 165
85%
13 x 19 247
85%
15 x 6 90
85%
17 x 4 68
84%
20 x 5 100
83%
15 x 9 135
83%
11 x 14 154
83%
19 x 12 228
83%
12 x 20 240
83%
12 x 5 60
83%
18 x 15 270
82%
15 x 20 300
82%
17 x 20 340
82%
17 x 5 85
82%
13 x 8 104
81%
19 x 9 171
81%
20 x 9 180
81%
11 x 20 220
81%
20 x 13 260
81%
12 x 7 84
81%
12 x 12 144
80%
11 x 15 165
80%
12 x 16 192
80%
14 x 16 224
80%
16 x 20 320
80%
19 x 18 342
80%
17 x 3 51
80%
15 x 4 60
80%
12 x 6 72
80%
16 x 7 112
79%
19 x 6 114
79%
11 x 11 121
79%
18 x 18 324
79%
20 x 3 60
79%
19 x 5 95
79%
12 x 11 132
78%
16 x 11 176
78%
13 x 18 234
78%
16 x 15 240
78%
19 x 14 266
78%
14 x 20 280
78%
15 x 3 45
78%
13 x 6 78
78%
17 x 13 221
77%
20 x 18 360
77%
14 x 3 42
77%
11 x 16 176
76%
13 x 20 260
76%
15 x 7 105
75%
17 x 7 119
75%
16 x 9 144
75%
12 x 13 156
75%
14 x 15 210
75%
15 x 16 240
75%
20 x 15 300
75%
13 x 3 39
75%
14 x 4 56
75%
15 x 5 75
75%
14 x 6 84
75%
13 x 7 91
75%
11 x 12 132
73%
18 x 8 144
73%
13 x 12 156
73%
17 x 12 204
73%
12 x 19 228
73%
14 x 5 70
73%
18 x 11 198
72%
17 x 19 323
72%
17 x 6 102
71%
12 x 9 108
71%
12 x 14 168
71%
12 x 15 180
71%
11 x 19 209
71%
16 x 19 304
71%
18 x 3 54
71%
11 x 7 77
71%
14 x 8 112
70%
16 x 17 272
70%
18 x 4 72
70%
19 x 4 76
70%
18 x 6 108
69%
15 x 12 180
69%
20 x 11 220
69%
20 x 16 320
69%
13 x 15 195
68%
13 x 17 221
68%
13 x 14 182
67%
11 x 18 198
67%
13 x 16 208
67%
18 x 14 252
67%
15 x 18 270
67%
20 x 17 340
67%
20 x 19 380
67%
16 x 3 48
67%
11 x 13 143
65%
17 x 9 153
65%
15 x 13 195
64%
14 x 18 252
64%
19 x 11 209
63%
18 x 13 234
63%
17 x 17 289
63%
19 x 19 361
63%
14 x 7 98
63%
20 x 6 120
62%
15 x 17 255
62%
18 x 5 90
62%
17 x 8 136
61%
17 x 11 187
61%
15 x 19 285
60%
13 x 5 65
60%
19 x 7 133
59%
13 x 4 52
59%
19 x 17 323
58%
17 x 18 306
57%
12 x 18 216
56%
17 x 14 238
56%
19 x 13 247
54%
15 x 14 210
53%
16 x 16 256
53%
18 x 17 306
52%
18 x 7 126
50%
19 x 8 152
50%
14 x 12 168
50%
14 x 13 182
50%
16 x 13 208
50%
15 x 15 225
50%
17 x 15 255
50%
17 x 16 272
50%
14 x 14 196
47%
12 x 17 204
47%
16 x 14 224
46%
16 x 4 64
46%
18 x 12 216
44%
16 x 18 288
44%
14 x 17 238
40%
14 x 9 126
36%
19 x 16 304
36%
14 x 19 266
35%
18 x 16 288
33%
18 x 19 342
22%
Aucun quiz correspondant
Distribution des résultats
% des personnes avec chaque résultat
Percentile par nombre de réponses
Votre historique - résultats
Vous n’avez pas pris ce quiz